| 000 | 01316cab a2200313 ab4500 | ||
|---|---|---|---|
| 005 | 20240221063753.0 | ||
| 008 | 991125c2015 mx tr p o 000 0 spa d | ||
| 035 | _aUPN01000217076 | ||
| 040 |
_aMX-MxUPN _bspa _cMX-MxUPN _eaacr2 |
||
| 049 | _aART-E | ||
| 100 | 1 | _aBernal Flores, Víctor Manuel | |
| 100 | 1 | _uvmbernal@gmail.com | |
| 100 | 1 | _aHernández Romero, Nidia | |
| 100 | 1 | _unidia_tab2000@yahoo.com.mx | |
| 245 | 1 | 0 |
_aAula móvil en el nivel bachillerato _h[recurso electrónico en línea] |
| 506 | 0 | _aAcceso abierto | |
| 520 | 3 | _aEste artículo realiza una revisión del proceso de innovación y de aplicación del uso de los teléfonos celulares y sus aplicaciones en el salón de clases con fines pedagógico usando la función operacional de la tecnología para reforzar temas de la materia. PD | |
| 650 | 4 |
_aTecnología educativa _94978 |
|
| 650 | 2 |
_925400 _aTeléfonos celulares |
|
| 650 | 4 |
_aEducación a distancia _97924 |
|
| 653 | 0 | _aAplicaciones educativas | |
| 653 | 0 | _aEducación media superior | |
| 773 |
_gNo. 58 (2015), p. 37-41 _tPerspectivas docentes _x2395-9886 |
||
| 856 | 4 | _uhttps://revistas.ujat.mx/index.php/perspectivas/article/view/1198 | |
| 856 | 4 | _uhttps://doi.org/10.19136/pd.a0n58.1198 | |
| 902 | _bLeonor Sotres/101023 | ||
| 905 | _aArticulo | ||
| 942 | _cART-E | ||
| 999 |
_c189176 _d189176 |
||